000
00202nam a2200097Ia 4500
008
240331s9999 xx 000 0 und d
082
_b
SAM
100
_a
Saminathasarma,V
245
0
_a
Rousseau
942
_c
L
999
_c
4742
_d
4742